000 01895cam a22005294i 4500
003 PE-LiUPU
005 20250731165624.0
008 150616s r 000 0 d
020 _a0802820654
035 _a(Sirsi) i9780802820655
040 _aPE-LiUPU
_bspa
_cPE-LiUPU
_erda
049 _aPRUA
082 0 4 _a281.3
_bR71
_221
100 1 _aRoberts, Alexander,
_eautor.
245 1 0 _aLatin Christianity: Its Founder, Tertullian..
_n3.
264 1 _aMichigan :
_bWm. B. Eerdmans Publishing Company,
_c1978.
300 _a745 páginas ;
_c24 centímetros
336 _atext
_2rdacontent
337 _aunmediated
_2rdamedia
338 _avolume
_2rdacarrier
490 0 _aThe Ante-Nicene Fathers
505 0 _aThe apology -- On idolatry -- The soul's testimony -- The prescription against heretics -- Against Hermogenes -- On repentance -- On baptism -- On prayer -- Of patience.
526 _aSEG44
526 _aSEG26
526 _aP151
526 _aP150
526 _aP149
526 _aP146
526 _aP145
526 _aP126
526 _aP125
526 _aP92
526 _aP75
526 _aP74
526 _aP27
526 _aP15
600 1 _aTertuliano,
_dc.145-c.220 d.C.
_vObras
650 0 4 _a
700 1 _aDonaldson, James.
910 _ajck
_bjvq
_cjck
942 _2ddc
_cBOOK
949 _aRC 281.3 R71 3
_wDEWEY
_c1
_i20443
_lCCODEBUL1
_mBUL
_r0
_sY
_tBOOK
_u2015-6-16
_xTEOLOGIA
_zUNKNOWN
_0COMPRA
_o.CIRCNOTE. No olvidar cambiar la fecha de devolución!!!!!!!
_o.STAFF. Colección General
994 _aC0
_bPEPRU
596 _a1
999 _aRC 281.3 R71 3
_wDEWEY
_c57283
_i20443
_f2021-11-8
_g6
_lCCODEBUL1
_mBUL
_r1
_sY
_tBOOK
_u2015-6-16
_xTEOLOGIA
_zUNKNOWN
_0COMPRA
_o.CIRCNOTE. No olvidar cambiar la fecha de devolución!!!!!!!
_o.STAFF. Colección General
_d57283
980 _81
_gALBERTO SANCHEZ Responsable de Automatización